00623nam a2200193Ia 4500008004100000040001900041041001200060082002000072245010100092260002800193300001900221630001700240650001900257651001700276850001800293942000700311999001700318952009400335131103s9999 xx 000 0 und d aLoreto College aEnglish a262/PIUbLCLIB/ aGuide for livingb An approved selection of letters and addresses of his holiness Pope Pius XII  aLondonbPan Booksc1958 a219p. c 19cm. aChristianity aXII, Pope Pius aEcclesiology aLCLIB/262/PIU cBK c25710d76189 00104070aMAINbMAINd2013-11-04l0o262/PIU LCLIB/pB28549r2001-01-01w2013-11-04yBK